Shifting baselines : The past and the future of ocean fisheries
Shifting Baselines explores the real-world implications of a groundbreaking idea: we must understand the oceans of the past to protect the oceans of the future. In 1995, acclaimed marine biologist Daniel Pauly coined the term "shifting baselines" to describe a phenomenon of lowered expecta...
Guardat en:
| Format: | Llibre |
|---|---|
| Idioma: | Undetermined |
| Publicat: |
London
Island Press
2011
|
| Matèries: | |
| Etiquetes: |
Afegir etiqueta
Sense etiquetes, Sigues el primer a etiquetar aquest registre!
|
| Thư viện lưu trữ: | Trung tâm Học liệu Trường Đại học Cần Thơ |
|---|
| LEADER | 01210nam a2200205Ia 4500 | ||
|---|---|---|---|
| 001 | CTU_209793 | ||
| 008 | 210402s9999 xx 000 0 und d | ||
| 020 | |c 70 | ||
| 082 | |a 338.3727 | ||
| 082 | |b S555 | ||
| 245 | 0 | |a Shifting baselines : | |
| 245 | 4 | |b The past and the future of ocean fisheries | |
| 245 | 0 | |c Jeremy B. C. Jackson, Karen E. Alexander, Enric Sala (Edited by) | |
| 260 | |a London | ||
| 260 | |b Island Press | ||
| 260 | |c 2011 | ||
| 520 | |a Shifting Baselines explores the real-world implications of a groundbreaking idea: we must understand the oceans of the past to protect the oceans of the future. In 1995, acclaimed marine biologist Daniel Pauly coined the term "shifting baselines" to describe a phenomenon of lowered expectations, in which each generation regards a progressively poorer natural world as normal. This seminal volume expands on Pauly's work, showing how skewed visions of the past have led to disastrous marine policies and why historical perspective is critical to revitalize fisheries and ecosystems. | ||
| 650 | |a Quản lý thuỷ sản,Fishery management | ||
| 904 | |i Huỳnh Nhựt Tân, Tuyến | ||
| 980 | |a Trung tâm Học liệu Trường Đại học Cần Thơ | ||